Nuclear energy and global governance : (Record no. 14608)

000 -LEADER
fixed length control field 01589cam a2200373 a 4500
001 - CONTROL NUMBER
control field 16308965
003 - CONTROL NUMBER IDENTIFIER
control field OSt
005 - DATE AND TIME OF LATEST TRANSACTION
control field 20170105102900.0
008 - FIXED-LENGTH DATA ELEMENTS--GENERAL INFORMATION
fixed length control field 100629s2011 enka b 001 0 eng
010 ## - LIBRARY OF CONGRESS CONTROL NUMBER
LC control number 2010027393
020 ## - INTERNATIONAL STANDARD BOOK NUMBER
International Standard Book Number 9780415493642 (hardcover)
020 ## - INTERNATIONAL STANDARD BOOK NUMBER
International Standard Book Number 0415493641 (hardcover)
020 ## - INTERNATIONAL STANDARD BOOK NUMBER
International Standard Book Number 9780203834503 (ebook)
020 ## - INTERNATIONAL STANDARD BOOK NUMBER
International Standard Book Number 020383450X (ebook)
035 ## - SYSTEM CONTROL NUMBER
System control number (OCoLC)ocn696318126
040 ## - CATALOGING SOURCE
Original cataloging agency DLC
Transcribing agency DLC
Modifying agency YDX
-- YDXCP
-- BWX
-- DLC
042 ## - AUTHENTICATION CODE
Authentication code pcc
050 00 - LIBRARY OF CONGRESS CALL NUMBER
Classification number HD9698.A2
Item number F56 2011
082 00 - DEWEY DECIMAL CLASSIFICATION NUMBER
Classification number 363.11
Edition number 22
Author Mark FIN 2011
100 1# - MAIN ENTRY--PERSONAL NAME
Personal name Findlay, Trevor,
Dates associated with a name 1951-
245 10 - TITLE STATEMENT
Title Nuclear energy and global governance :
Remainder of title ensuring safety, security and non-proliferation /
Statement of responsibility, etc. Trevor Findlay.
260 ## - PUBLICATION, DISTRIBUTION, ETC.
Place of publication, distribution, etc. London ;
-- New York :
Name of publisher, distributor, etc. Routledge,
Date of publication, distribution, etc. 2011.
300 ## - PHYSICAL DESCRIPTION
Extent xviii, 259 p. :
Other physical details ill. ;
Dimensions 24 cm.
490 1# - SERIES STATEMENT
Series statement Routledge global security studies ;
Volume/sequential designation 21
504 ## - BIBLIOGRAPHY, ETC. NOTE
Bibliography, etc. note Includes bibliographical references and index.
505 0# - FORMATTED CONTENTS NOTE
Formatted contents note Assessing a nuclear energy revival : the drivers -- Assessing a nuclear energy revival : the constraints -- Assessing the likelihood of a revival -- The current status of global nuclear governance : nuclear security and non-proliferation -- Implications of the nuclear revival for global governance.
650 #0 - SUBJECT ADDED ENTRY--TOPICAL TERM
Topical term or geographic name entry element Nuclear energy
General subdivision Security measures.
650 #0 - SUBJECT ADDED ENTRY--TOPICAL TERM
Topical term or geographic name entry element Nuclear industry.
650 #0 - SUBJECT ADDED ENTRY--TOPICAL TERM
Topical term or geographic name entry element Nuclear nonproliferation.
830 #0 - SERIES ADDED ENTRY--UNIFORM TITLE
Uniform title Routledge global security studies ;
Volume/sequential designation 21.
906 ## - LOCAL DATA ELEMENT F, LDF (RLIN)
a 7
b cbc
c orignew
d 1
e ecip
f 20
g y-gencatlg
942 ## - ADDED ENTRY ELEMENTS (KOHA)
Source of classification or shelving scheme
Koha item type Book
Holdings
Withdrawn status Lost status Damaged status Not for loan Collection code Permanent Location Current Location Shelving location Date acquired Total Checkouts Full call number Barcode Date last seen Price effective from Koha item type
          Centre for International Peace & Stability (CIPS) Centre for International Peace & Stability (CIPS) General Stacks 09/16/2013   363.11 FIN 2011 CIPS0001068 10/10/2013 10/10/2013 Book
© 2023 Central Library, National University of Sciences and Technology. All Rights Reserved.